Bulletin mensuel de statistique

Salvato in:
Dettagli Bibliografici
Natura: Periodico
Lingua:francese
Pubblicazione: Paris Institut National de la Statistique et des Études Économiques
Tags: Aggiungi Tag
Nessun Tag, puoi essere il primo ad aggiungerne!!

MARC

LEADER 00000nas1a22000001 4500
001 0008512
005 20250730114818.9
041 0 |a fre 
044 |a FR 
245 1 0 |a Bulletin mensuel de statistique 
264 1 |a Paris  |b Institut National de la Statistique et des Études Économiques